000 00519nam a2200157 a 4500
001 000046108
005 20201002052637.0
008 150622s1999 dr a 000 0 spa d
040 _aDO-SdBNP
_bspa
_cBNPHU
082 _axxxxxxxxxx
_bxxxxxxxxxx
100 1 _aCarrón Vicioso, Lorelay
_974174
245 1 0 _aUn pedacito verde en el corazón /
_cLorelay Carrón Vicioso ; ilustraciones Henry Cid.
260 _aSanto Domingo :
_bListín Diario,
_c1999.
300 _a63 p. :
_bil. ;
_c26 cm.
700 1 _aCid, Henry,
_eil.
_9346
999 _c45597
_d45597